[Event "Sparkassen-Open A"]
[Site "Heusenstamm, Martinsee"]
[Date "2017.11.26"]
[Round "7.65"]
[White "Englert, Jon"]
[Black "Bayer, Martin"]
[Result "1-0"]
[WhiteElo "2002"]
[BlackElo "1760"]
[PlyCount "79"]
[EventDate "2017.??.??"]
[WhiteTeam "TV-Großostheim"]
[BlackTeam "SK Gründau"]

1. g3 Nf6 2. Bg2 d5 3. d3 c5 4. Nd2 Nc6 5. b3 e5 6. e3 Be6 7. Bb2 Be7 8. Ne2
Qc7 9. O-O Rd8 10. Nf3 h6 11. d4 cxd4 12. exd4 e4 13. Nd2 Nb4 14. Nc3 Bg4 15.
f3 exf3 16. Bxf3 Bxf3 17. Nxf3 O-O 18. a3 Nc6 19. Qd3 Rfe8 20. Rae1 a6 21. Kg2
Bd6 22. Nh4 Ne7 23. Re2 Qd7 24. Rfe1 Nc8 25. Nf3 Nb6 26. Ne5 Qc8 27. Qf3 Re7
28. Nd1 Rde8 29. Nf2 Bxe5 30. dxe5 Nfd7 31. Bd4 Qc6 32. Qg4 Qe6 33. Qf3 Qc6 34.
Kg1 Qe6 35. Nd3 Qc6 36. Nf4 Nc5 37. Qg4 Nbd7 38. e6 f6 39. exd7 Rxe2 40. Rxe2
1-0

[Event "Sparkassen-Open A"]
[Site "Heusenstamm, Martinsee"]
[Date "2017.11.26"]
[Round "7.66"]
[White "Mueller, Werner"]
[Black "Wüstehube, Harry"]
[Result "1-0"]
[WhiteElo "2103"]
[BlackElo "1923"]
[PlyCount "55"]
[EventDate "2017.??.??"]
[WhiteTeam "SK Göggingen"]
[BlackTeam "Kasseler SK"]

1. e4 d6 2. d4 Nf6 3. Nc3 g6 4. Bg5 Bg7 5. Qd2 h6 6. Bf4 c6 7. Bd3 g5 8. Bg3
Nh5 9. Nge2 e5 10. dxe5 dxe5 11. O-O-O Be6 12. h4 Nxg3 13. Nxg3 gxh4 14. Nh5
Bf8 15. f4 exf4 16. e5 Nd7 17. Ne4 Be7 18. Qxf4 Rg8 19. Nhf6+ Nxf6 20. exf6 Bf8
21. Bc4 Qb8 22. Qd2 Qc7 23. Bxe6 fxe6 24. f7+ Kxf7 25. Rhf1+ Kg7 26. Qc3+ e5
27. Nf6 Bd6 28. Qd3 1-0

[Event "Sparkassen-Open A"]
[Site "Heusenstamm, Martinsee"]
[Date "2017.11.26"]
[Round "7.67"]
[White "Pauls, Wilhelm"]
[Black "Launert, Martin"]
[Result "1/2-1/2"]
[WhiteElo "2054"]
[BlackElo "1879"]
[PlyCount "27"]
[EventDate "2017.??.??"]
[WhiteTeam "SG Kaarst"]
[BlackTeam "Sfr. Erbach"]

1. d4 d5 2. c4 dxc4 3. Nf3 Nf6 4. g3 c5 5. Qa4+ Bd7 6. Qxc4 cxd4 7. Nxd4 Nc6 8.
Bg2 Rc8 9. Nc3 e5 10. Nxc6 Bxc6 11. Bxc6+ Rxc6 12. Qa4 Bc5 13. O-O O-O 14. Bg5
1/2-1/2

[Event "Sparkassen-Open A"]
[Site "Heusenstamm, Martinsee"]
[Date "2017.11.26"]
[Round "7.68"]
[White "Thomas, Tobias"]
[Black "Diehm, Alexander"]
[Result "1/2-1/2"]
[WhiteElo "1879"]
[BlackElo "2039"]
[PlyCount "47"]
[EventDate "2017.??.??"]
[WhiteTeam "SK Langen"]
[BlackTeam "SC FK Babenhausen"]

1. d4 f5 2. Bg5 g6 3. Nc3 d5 4. e3 Bg7 5. Nf3 c6 6. Be2 Nd7 7. Qd2 Ngf6 8.
O-O-O b5 9. Ne5 Qb6 10. Nxd7 Bxd7 11. Bd3 a5 12. Bf4 a4 13. Nb1 Nh5 14. Be2
Nxf4 15. exf4 b4 16. Qe3 O-O 17. h4 Rf6 18. Qxe7 Re6 19. Qxd7 Rxe2 20. Rhe1 Rd8
21. Qxd8+ Qxd8 22. Rxe2 Qxh4 23. g3 Qd8 24. a3 1/2-1/2

[Event "Sparkassen-Open A"]
[Site "Heusenstamm, Martinsee"]
[Date "2017.11.26"]
[Round "7.69"]
[White "Werner, Dimo"]
[Black "Marchese, Andrea"]
[Result "1-0"]
[WhiteElo "2031"]
[BlackElo "1861"]
[PlyCount "79"]
[EventDate "2017.??.??"]
[WhiteTeam "TSV Schott Mainz"]
[BlackTeam "SC Matt im Park"]

1. d4 Nf6 2. Nf3 e6 3. c4 c5 4. dxc5 Bxc5 5. e3 O-O 6. a3 a5 7. b3 d5 8. Bb2
Nc6 9. Be2 Qe7 10. O-O dxc4 11. bxc4 e5 12. Nc3 Be6 13. Ng5 h6 14. Nxe6 fxe6
15. Qc2 e4 16. Nxe4 Nxe4 17. Qxe4 e5 18. Bd3 Rad8 19. Qh7+ Kf7 20. Be4 Rd6 21.
Bd5+ Ke8 22. Qe4 g5 23. Rad1 Rff6 24. Rd2 h5 25. Rfd1 Kf8 26. h3 g4 27. hxg4
hxg4 28. Qxg4 Rg6 29. Qf5+ Rdf6 30. Qc8+ Kg7 31. Bxc6 Bxe3 32. fxe3 Qc5 33.
Qd7+ Rf7 34. Qh3 bxc6 35. Rd7 Rg5 36. Rxf7+ Kxf7 37. Qh7+ Rg7 38. Rd7+ Ke6 39.
Qh3+ Kf6 40. Qf3+ 1-0

[Event "Sparkassen-Open A"]
[Site "Heusenstamm, Martinsee"]
[Date "2017.11.26"]
[Round "7.70"]
[White "Büse, Ralf"]
[Black "Seehaus, Bernhard"]
[Result "1/2-1/2"]
[WhiteElo "1881"]
[BlackElo "2008"]
[PlyCount "23"]
[EventDate "2017.??.??"]
[WhiteTeam "SC Ladja Roßdorf"]
[BlackTeam "Schachforum Darmstadt"]

1. d4 d6 2. Bf4 Nd7 3. Nf3 g6 4. e3 Bg7 5. h3 e5 6. Bh2 e4 7. Nfd2 f5 8. c4
Ngf6 9. Nc3 O-O 10. Be2 Re8 11. O-O Nf8 12. b4 1/2-1/2

[Event "Sparkassen-Open A"]
[Site "Heusenstamm, Martinsee"]
[Date "2017.11.26"]
[Round "7.71"]
[White "Rödiger, Thomas"]
[Black "Haack, Kevin"]
[Result "1-0"]
[WhiteElo "2006"]
[BlackElo "1859"]
[PlyCount "143"]
[EventDate "2017.??.??"]
[WhiteTeam "SC Bad Soden"]
[BlackTeam "SC Bad Soden"]

1. d4 d5 2. c4 e6 3. Nc3 Nf6 4. Bg5 Nbd7 5. e3 Be7 6. Nf3 O-O 7. Be2 a6 8. O-O
dxc4 9. Bxc4 b5 10. Be2 Bb7 11. Rc1 c5 12. dxc5 Nxc5 13. b4 Nce4 14. Nxe4 Bxe4
15. a3 Nd5 16. Bxe7 Qxe7 17. Qd4 Nf6 18. Qe5 Rac8 19. Nd4 h6 20. Nb3 Bd5 21.
Nc5 Nd7 22. Nxd7 Qxd7 23. Rfd1 Rxc1 24. Rxc1 Rc8 25. Rxc8+ Qxc8 26. Qb2 Bc4 27.
Bf3 Bd5 28. Be2 Qc6 29. f3 Bc4 30. Qc3 Qd5 31. Kf2 Bxe2 32. Kxe2 Qa2+ 33. Kf1
Qb1+ 34. Kf2 Kh7 35. h3 Qa2+ 36. Kf1 Qb1+ 37. Kf2 Qg6 38. Kf1 Qf5 39. Ke2 Qg5
40. Kf2 h5 41. Qd3+ Qg6 42. Ke2 f5 43. Kf2 Qf6 44. Qd4 Qxd4 45. exd4 g5 46. Ke3
Kg6 47. g4 h4 48. Kd3 Kf6 49. Ke3 Ke7 50. Kd3 Kd6 51. Ke3 Kd5 52. f4 fxg4 53.
fxg5 Kd6 54. hxg4 Ke7 55. Kf3 Kf7 56. Kg2 Kg6 57. Kh2 Kxg5 58. Kh3 Kf4 59. Kxh4
e5 60. dxe5 Kxe5 61. Kg5 Kd4 62. Kf4 Kc3 63. g5 Kb3 64. g6 Kxa3 65. g7 Kxb4 66.
g8=Q Kc3 67. Qc8+ Kb2 68. Qxa6 b4 69. Ke3 b3 70. Kd3 Kb1 71. Kc3 b2 72. Qa3 1-0

[Event "Sparkassen-Open A"]
[Site "Heusenstamm, Martinsee"]
[Date "2017.11.26"]
[Round "7.72"]
[White "Rutsatz, Mario"]
[Black "Fröhlich-Dill, Astrid"]
[Result "1-0"]
[WhiteElo "1996"]
[BlackElo "1830"]
[PlyCount "103"]
[EventDate "2017.??.??"]
[WhiteTeam "SF Frankfurt"]
[BlackTeam "SV Hofheim"]

1. c4 Nf6 2. Nf3 e6 3. g3 b6 4. Bg2 Bb7 5. O-O Be7 6. b3 c5 7. d4 cxd4 8. Qxd4
Nc6 9. Qf4 O-O 10. Nc3 a6 11. Bb2 Rc8 12. Rac1 Ba8 13. e4 d6 14. Rfd1 Qc7 15.
Nd5 exd5 16. cxd5 Qd8 17. dxc6 Rxc6 18. Rxc6 Bxc6 19. Nd4 Bd7 20. Nf5 Bxf5 21.
Qxf5 Qc8 22. Qf4 Qc2 23. Qd2 Rc8 24. Qd4 Qe2 25. Bf1 Qxe4 26. Qxb6 Qc6 27. Qd4
Qb7 28. Bc4 Bf8 29. Qd3 Qe4 30. Bxf6 Qxd3 31. Rxd3 gxf6 32. a4 Rc6 33. Rd5 Rc5
34. Rxc5 dxc5 35. Bxa6 Bd6 36. Bc4 Bc7 37. Kg2 Kf8 38. Kf3 Ke7 39. Ke4 h5 40.
h4 Bb6 41. Kf5 Ba5 42. Be2 Be1 43. Bxh5 Bxf2 44. Kf4 Be1 45. Be2 Bd2+ 46. Kf5
Be1 47. h5 Bxg3 48. a5 Bc7 49. a6 Bb6 50. Bc4 Kf8 51. Kxf6 Bd8+ 52. Ke5 1-0

[Event "Sparkassen-Open A"]
[Site "Heusenstamm, Martinsee"]
[Date "2017.11.26"]
[Round "7.73"]
[White "Zweschper, Erich"]
[Black "Lehmann, Tim"]
[Result "1/2-1/2"]
[WhiteElo "1982"]
[BlackElo "1818"]
[PlyCount "58"]
[EventDate "2017.??.??"]
[WhiteTeam "SV Kelsterbach"]
[BlackTeam "SV Lahn Limburg"]

1. d4 Nf6 2. Nf3 g6 3. c4 Bg7 4. Nc3 O-O 5. e4 d6 6. h3 e5 7. d5 Nbd7 8. Bg5 a5
9. Bd3 Nc5 10. Bc2 h6 11. Be3 Nfd7 12. g4 b6 13. Qd2 Kh7 14. O-O-O Ba6 15. b3
Rb8 16. a4 Rh8 17. h4 Kg8 18. Ng1 Qe7 19. Nge2 Rf8 20. Ng3 Bc8 21. Rdg1 Nb8 22.
g5 h5 23. Bxc5 dxc5 24. Bd3 Na6 25. Be2 Bd7 26. Kb1 Qd6 27. Rf1 Nb4 28. Rhg1
Rh7 29. Nd1 Nc6 1/2-1/2

[Event "Sparkassen-Open A"]
[Site "Heusenstamm, Martinsee"]
[Date "2017.11.26"]
[Round "7.74"]
[White "Kalepky, Helmut"]
[Black "Rothermel, Tim"]
[Result "1/2-1/2"]
[WhiteElo "1985"]
[BlackElo "1756"]
[PlyCount "52"]
[EventDate "2017.??.??"]
[WhiteTeam "SF Heidesheim"]
[BlackTeam "SK Langen"]

1. e4 c5 2. Nf3 a6 3. d4 cxd4 4. Nxd4 Nf6 5. Bd3 Nc6 6. Ne2 d5 7. exd5 Qxd5 8.
O-O e5 9. c3 Bg4 10. Bc2 Qxd1 11. Bxd1 Rd8 12. f3 Bc5+ 13. Kh1 Be6 14. Bb3 Bf5
15. Ng3 Bg6 16. Bg5 O-O 17. Nd2 Rd7 18. Nde4 Nxe4 19. Nxe4 Bxe4 20. fxe4 h6 21.
Bh4 Rd2 22. Rad1 Rxb2 23. Rd7 g5 24. Bg3 Ne7 25. Bxe5 Re2 26. Rxb7 Rxe4 1/2-1/2

[Event "Sparkassen-Open A"]
[Site "Heusenstamm, Martinsee"]
[Date "2017.11.26"]
[Round "7.75"]
[White "Altenbernd, Dirk"]
[Black "Tremöhlen, Thomas"]
[Result "1/2-1/2"]
[WhiteElo "1875"]
[BlackElo "1978"]
[PlyCount "26"]
[EventDate "2017.??.??"]
[WhiteTeam "SK Tönsberg Oerlinghausen"]
[BlackTeam "SG Kaarst"]

1. c4 Nf6 2. g3 g6 3. Bg2 Bg7 4. Nc3 O-O 5. e4 d6 6. Nge2 c6 7. O-O Nbd7 8. d3
e5 9. h3 Ne8 10. Be3 f5 11. exf5 gxf5 12. f4 Ndf6 13. Qd2 Qe7 1/2-1/2

[Event "Sparkassen-Open A"]
[Site "Heusenstamm, Martinsee"]
[Date "2017.11.26"]
[Round "7.76"]
[White "Engel, Jan"]
[Black "Altenbernd, Jannis-Domenik"]
[Result "0-1"]
[WhiteElo "1830"]
[BlackElo "1958"]
[PlyCount "45"]
[EventDate "2017.??.??"]
[WhiteTeam "Frankfurter TV"]
[BlackTeam "SG Bünde"]

1. e4 c5 2. Nf3 d6 3. d4 cxd4 4. Nxd4 Nf6 5. Nc3 a6 6. Bg5 Nbd7 7. Qe2 Qa5 8.
f4 h6 9. Bh4 e5 10. Nb3 Qc7 11. f5 Be7 12. O-O-O b5 13. a3 Bb7 14. g4 Rc8 15.
Be1 Nxe4 16. Nxe4 Qxc2+ 17. Qxc2 Rxc2+ 18. Kxc2 Bxe4+ 19. Bd3 Bxh1 20. Bb4 Bf3
21. Rc1 Nc5 22. Nxc5 dxc5 23. Bc3 0-1

[Event "Sparkassen-Open A"]
[Site "Heusenstamm, Martinsee"]
[Date "2017.11.26"]
[Round "7.77"]
[White "Wolff, Michael"]
[Black "Besancon, Pascal"]
[Result "1-0"]
[WhiteElo "1951"]
[BlackElo "1691"]
[PlyCount "145"]
[EventDate "2017.??.??"]
[WhiteTeam "Ford SF Köln"]
[BlackTeam "SK Weida"]

1. e4 d6 2. d4 Nf6 3. Nc3 e5 4. Nf3 Nbd7 5. Bg5 Be7 6. h3 c6 7. a4 a5 8. Be2
Qc7 9. Qd2 O-O 10. O-O Re8 11. Rad1 exd4 12. Nxd4 Nc5 13. Bf3 Nfxe4 14. Nxe4
Nxe4 15. Bxe4 Bxg5 16. Bxh7+ Kxh7 17. Qxg5 Be6 18. Rfe1 Bd7 19. Nf5 Bxf5 20.
Qxf5+ Kg8 21. b3 d5 22. g3 Qc8 23. Rxe8+ Qxe8 24. Rd4 Qe6 25. Qh5 g6 26. Qh6
Re8 27. Rh4 Qf6 28. Qh7+ Kf8 29. Qh6+ Kg8 30. Qh7+ Kf8 31. Qh8+ Ke7 32. Qxf6+
Kxf6 33. Kf1 g5 34. Rh6+ Ke5 35. Ke2 Re6 36. Rh8 b6 37. h4 gxh4 38. Rxh4 Kf5+
39. Kd2 b5 40. Rf4+ Kg6 41. c3 Re7 42. Kd3 bxa4 43. Rxa4 Ra7 44. b4 Kf5 45.
Rxa5 Rc7 46. f3 Ke5 47. Ra2 f6 48. Re2+ Kd6 49. Rh2 Rg7 50. g4 Ke5 51. Rh5+ Ke6
52. Kd4 Ra7 53. Rh6 Ra6 54. g5 Kf5 55. Rxf6+ Kxg5 56. Rf8 Ra1 57. Rc8 Rd1+ 58.
Ke3 Re1+ 59. Kd2 Re6 60. Kd3 Kf4 61. Rf8+ Ke5 62. f4+ Kd6 63. Rf5 Re4 64. Rf6+
Kd7 65. f5 Ke7 66. Rxc6 Rf4 67. f6+ Rxf6 68. Rxf6 Kxf6 69. Kd4 Ke6 70. Kc5 Kd7
71. Kxd5 Kc7 72. Kc5 Kb7 73. Kb5 1-0

[Event "Sparkassen-Open A"]
[Site "Heusenstamm, Martinsee"]
[Date "2017.11.26"]
[Round "7.78"]
[White "Schindelmeiser, Frank"]
[Black "Deutsch, Christoph"]
[Result "1/2-1/2"]
[WhiteElo "1944"]
[BlackElo "1788"]
[PlyCount "29"]
[EventDate "2017.??.??"]
[WhiteTeam "SV Oberursel"]
[BlackTeam "SK Gründau"]

1. c4 c6 2. g3 d5 3. Bg2 Nf6 4. Nf3 Bf5 5. O-O e6 6. b3 Be7 7. d3 O-O 8. Nh4
Bg4 9. h3 Bh5 10. Bb2 Nbd7 11. Nd2 h6 12. Bh1 e5 13. Qe1 d4 14. Ng2 Bg6 15. Qc1
1/2-1/2

[Event "Sparkassen-Open A"]
[Site "Heusenstamm, Martinsee"]
[Date "2017.11.26"]
[Round "7.79"]
[White "Hagner, Bennet"]
[Black "Köllner, Aaron Noah"]
[Result "0-1"]
[WhiteElo "1715"]
[BlackElo "1935"]
[PlyCount "108"]
[EventDate "2017.??.??"]
[WhiteTeam "Frankfurter TV"]
[BlackTeam "SV Bergneustadt/Derschlag"]

1. e4 c5 2. Nf3 e6 3. d4 cxd4 4. Nxd4 Nc6 5. Be3 Qc7 6. Nc3 a6 7. Bd3 b5 8. a3
Bb7 9. O-O Nf6 10. f4 h5 11. h3 h4 12. Qf3 Nxd4 13. Bxd4 Bc5 14. Qe3 Rc8 15.
Rad1 Bxd4 16. Qxd4 Qc5 17. Qxc5 Rxc5 18. Rf2 Rxc3 19. bxc3 Nxe4 20. Bxe4 Bxe4
21. Rd4 d5 22. Rfd2 Ke7 23. Rb4 Rc8 24. Rb3 Rc4 25. Kf2 Kf6 26. Rd4 Kf5 27.
Rxc4 dxc4 28. Rb2 Kxf4 29. Ra2 Bc6 30. Rb2 g5 31. Rb4 Ke5 32. a4 f5 33. axb5
Bxb5 34. Rb1 Kf4 35. Re1 e5 36. Re3 e4 37. g4 hxg3+ 38. Rxg3 Ba4 39. Rg1 Bxc2
40. Ra1 e3+ 41. Ke1 Kg3 42. Ke2 f4 43. Rg1+ Kh4 44. Kf3 a5 45. Rg4+ Kh5 46. Rg1
a4 47. h4 g4+ 48. Kxf4 e2 49. Ke3 Bd1 50. Kd2 Kxh4 51. Ke3 Kh3 52. Kf2 Kh4 53.
Ke3 Kg5 54. Kd2 Kf4 0-1

[Event "Sparkassen-Open A"]
[Site "Heusenstamm, Martinsee"]
[Date "2017.11.26"]
[Round "7.80"]
[White "Ebeling, Leander"]
[Black "Bethke, Robert"]
[Result "0-1"]
[WhiteElo "1665"]
[BlackElo "1929"]
[PlyCount "112"]
[EventDate "2017.??.??"]
[WhiteTeam "SK Mainaschaff"]
[BlackTeam "SF Neuberg"]

1. c4 e6 2. Nc3 d5 3. cxd5 exd5 4. e3 Nf6 5. Nf3 c6 6. Be2 Bd6 7. O-O O-O 8. b3
Nbd7 9. d4 Ne4 10. Bb2 f5 11. Qc2 Qe8 12. Rfe1 Kh8 13. a3 a5 14. Rab1 Rg8 15.
h4 Ndf6 16. Nxe4 Nxe4 17. Ne5 Qe7 18. h5 Be6 19. g3 Rgf8 20. Kg2 Bxa3 21. Bxa3
Qxa3 22. f3 Nf6 23. Qd3 Nd7 24. Nxd7 Bxd7 25. Ra1 Qd6 26. Qc3 b6 27. Ra4 Rae8
28. Bd3 Qh6 29. f4 Qf6 30. Ra2 c5 31. Rae2 Rc8 32. Ba6 Rb8 33. Rc1 b5 34. Qxa5
Rb6 35. Rxc5 Rxa6 36. Qc7 Be8 37. Rec2 h6 38. Qb7 Re6 39. Kf2 Bxh5 40. Rxb5
Rfe8 41. Qxd5 Rxe3 42. Qd7 Qg6 43. Qxe8+ Qxe8 44. Re5 Rf3+ 45. Kg2 Qa8 46. d5
Qa1 47. Rf2 Rxf2+ 48. Kxf2 Qb2+ 49. Ke3 Qxb3+ 50. Kd4 Qb4+ 51. Kd3 Bf3 52. Re8+
Kh7 53. Re5 Be4+ 54. Ke3 Qc3+ 55. Ke2 Qd3+ 56. Ke1 Qxg3+ 0-1

[Event "Sparkassen-Open A"]
[Site "Heusenstamm, Martinsee"]
[Date "2017.11.26"]
[Round "7.81"]
[White "Mehringer, Jörg"]
[Black "Degenhardt, Andreas"]
[Result "1-0"]
[WhiteElo "1927"]
[BlackElo "1775"]
[PlyCount "69"]
[EventDate "2017.??.??"]
[WhiteTeam "Schachpinguine Berlin"]
[BlackTeam "SC Lorsch"]

1. e4 c6 2. d4 d5 3. e5 c5 4. Bb5+ Bd7 5. Bxd7+ Nxd7 6. c3 cxd4 7. cxd4 e6 8.
Ne2 Ne7 9. O-O Nf5 10. Ng3 Nxg3 11. hxg3 Be7 12. Qg4 Kf8 13. Nc3 h5 14. Qe2 g6
15. Be3 Kg7 16. f4 Nb6 17. b3 Rc8 18. Nd1 Qd7 19. Nf2 Rc7 20. Rac1 Rhc8 21.
Rxc7 Rxc7 22. g4 hxg4 23. Nxg4 Qc8 24. Qf3 Ba3 25. Qh3 Qh8 26. Qxh8+ Kxh8 27.
Rf3 Bc1 28. Rh3+ Kg7 29. Nf6 Bxe3+ 30. Rxe3 Rc2 31. Kf1 Rxa2 32. Rh3 Kf8 33.
Rh8+ Kg7 34. Rg8+ Kh6 35. g4 1-0

[Event "Sparkassen-Open A"]
[Site "Heusenstamm, Martinsee"]
[Date "2017.11.26"]
[Round "7.82"]
[White "Poschadel, Andreas Gregor"]
[Black "Iliev, Mustafa Batuhan"]
[Result "0-1"]
[WhiteElo "1477"]
[BlackElo "1808"]
[PlyCount "114"]
[EventDate "2017.??.??"]
[WhiteTeam "Hamelner SV"]
[BlackTeam "SV Großauheim"]

1. e4 c5 2. Nf3 e6 3. Bb5 a6 4. Be2 b5 5. O-O Bb7 6. d3 d6 7. Ne1 Nf6 8. f4 Nc6
9. Nf3 Qc7 10. b3 Be7 11. Bb2 O-O 12. h3 e5 13. f5 d5 14. Nbd2 Rfd8 15. Qe1 Nd4
16. Rc1 dxe4 17. Nxd4 exd4 18. dxe4 Nxe4 19. Nxe4 Bxe4 20. f6 Bxf6 21. Rxf6
gxf6 22. Qh4 Qe5 23. Re1 Re8 24. Bf3 f5 25. g4 Qg7 26. Bxe4 Rxe4 27. Rxe4 fxe4
28. Qe7 e3 29. Qxc5 e2 30. Kf2 Re8 31. Ke1 d3 32. Bxg7 d2+ 33. Kxd2 e1=Q+ 34.
Kd3 Qe4+ 35. Kd2 Kxg7 36. Qg5+ Qg6 37. Qxg6+ Kxg6 38. a4 bxa4 39. bxa4 Kg5 40.
c4 Kh4 41. Kd3 Kxh3 42. Kd4 Kxg4 43. c5 Rd8+ 44. Ke5 h5 45. c6 h4 46. c7 Rc8
47. Kd6 h3 48. Kd7 Rxc7+ 49. Kxc7 h2 50. Kb7 h1=Q+ 51. Kxa6 Qa8+ 52. Kb5 Kf5
53. a5 Ke6 54. a6 Kd6 55. Kb6 Qb8+ 56. Ka5 Kc5 57. Ka4 Qb4# 0-1

[Event "Sparkassen-Open A"]
[Site "Heusenstamm, Martinsee"]
[Date "2017.11.26"]
[Round "7.83"]
[White "Niedenthal, Robert"]
[Black "Hinrichs, Hans-Uwe"]
[Result "1/2-1/2"]
[WhiteElo "1717"]
[BlackElo "2123"]
[PlyCount "80"]
[EventDate "2017.??.??"]
[WhiteTeam "SV Hofheim"]
[BlackTeam "SK Bingen"]

1. c4 d6 2. Nc3 Nf6 3. e4 e5 4. Nge2 c6 5. g3 Be7 6. Bg2 O-O 7. d3 a6 8. a4 a5
9. O-O Na6 10. h3 Qc7 11. Kh2 Nd7 12. f4 Ndc5 13. d4 Ne6 14. f5 Nxd4 15. g4
Nxe2 16. Qxe2 Qd8 17. Qe3 h6 18. Qf3 Bf6 19. Be3 Nc5 20. Rad1 Qe7 21. Rb1 Nb3
22. Ne2 Nd4 23. Nxd4 exd4 24. Bf4 Be5 25. Kh1 Bxf4 26. Qxf4 Qe5 27. Qf3 Bd7 28.
b3 Rfc8 29. h4 b5 30. axb5 cxb5 31. g5 hxg5 32. hxg5 Bc6 33. Rbe1 Kf8 34. Qh5
Ke8 35. f6 Kd8 36. Qh8+ Kc7 37. Qxg7 Rh8+ 38. Kg1 Qh2+ 39. Kf2 Qf4+ 40. Kg1
Qh2+ 1/2-1/2

[Event "Sparkassen-Open A"]
[Site "Heusenstamm, Martinsee"]
[Date "2017.11.26"]
[Round "7.84"]
[White "Müdder, Rafael"]
[Black "Bajorski, Marius"]
[Result "1-0"]
[WhiteElo "2067"]
[BlackElo "1843"]
[PlyCount "79"]
[EventDate "2017.??.??"]
[WhiteTeam "SG Solingen"]
[BlackTeam "SV Hofheim"]

1. e4 c6 2. Nf3 d5 3. exd5 cxd5 4. Ne5 Nf6 5. d4 g6 6. c3 Bg7 7. Bd3 O-O 8. O-O
Nc6 9. f4 Nxe5 10. fxe5 Nd7 11. Nd2 f6 12. Qb3 e6 13. exf6 Nxf6 14. Nf3 Qc7 15.
Ne5 b6 16. Qc2 Bb7 17. Bg5 Nd7 18. Nxd7 Qxd7 19. Qe2 Rae8 20. Bf4 Re7 21. Be5
Bh6 22. Rxf8+ Kxf8 23. Re1 Kg8 24. Bf6 Re8 25. g4 Bg7 26. Bxg7 Qxg7 27. g5 Bc8
28. h4 Qc7 29. Qe3 Rf8 30. Rf1 Rxf1+ 31. Bxf1 Qd6 32. Bh3 Bd7 33. Kg2 b5 34. a3
a5 35. Qe5 Qxe5 36. dxe5 Kf7 37. Kf2 Ke7 38. Ke3 Kd8 39. Kd4 Kc7 40. Kc5 1-0

[Event "Sparkassen-Open A"]
[Site "Heusenstamm, Martinsee"]
[Date "2017.11.26"]
[Round "7.85"]
[White "Bachmann, Nick"]
[Black "Reinhard, Stefan"]
[Result "1-0"]
[WhiteElo "1839"]
[BlackElo "2064"]
[PlyCount "61"]
[EventDate "2017.??.??"]
[WhiteTeam "SG Wächtersbach"]
[BlackTeam "SF Dettingen"]

1. e4 e5 2. Nc3 Bc5 3. Nf3 Nc6 4. Bc4 d6 5. h3 a6 6. a3 Be6 7. d3 Bxc4 8. dxc4
Nge7 9. Qe2 Nd4 10. Nxd4 Bxd4 11. Nd5 a5 12. c3 Ba7 13. Bg5 f6 14. Be3 Ng6 15.
Bxa7 Rxa7 16. Qe3 Ra6 17. Qg3 a4 18. h4 O-O 19. h5 Nh8 20. Qg4 Re8 21. Qf5 Rf8
22. Rh3 c6 23. Nb4 Ra5 24. h6 Rf7 25. hxg7 Rxg7 26. Qe6+ Nf7 27. O-O-O Kf8 28.
Rhd3 Rxg2 29. Rxd6 Nxd6 30. Rxd6 Qe7 31. Qc8+ 1-0

[Event "Sparkassen-Open A"]
[Site "Heusenstamm, Martinsee"]
[Date "2017.11.26"]
[Round "7.86"]
[White "Trumpp, Lothar"]
[Black "Papadopoulos, Ioannis"]
[Result "1-0"]
[WhiteElo "2021"]
[BlackElo "1836"]
[PlyCount "107"]
[EventDate "2017.??.??"]
[WhiteTeam "VSG Offenbach"]
[BlackTeam "SV Oberursel"]

1. Nc3 e5 2. Nf3 Nc6 3. e4 Nf6 4. d4 exd4 5. Nxd4 Bb4 6. Nxc6 bxc6 7. Bd3 d5 8.
Bd2 O-O 9. O-O Re8 10. Re1 Qd6 11. exd5 Rxe1+ 12. Qxe1 cxd5 13. Nb5 Bxd2 14.
Qxd2 Qb6 15. b3 a6 16. Nd4 Bb7 17. Re1 Ne4 18. Qe3 g6 19. Bxe4 dxe4 20. Qc3 Rd8
21. Ne2 Qd6 22. Qa1 Qd2 23. Qc1 Qxc1 24. Rxc1 f5 25. Kf1 Kf7 26. Ke1 Ke6 27. c4
g5 28. Nc3 Ke5 29. g3 f4 30. Rc2 Rd3 31. Nd1 e3 32. fxe3 fxe3 33. Nb2 Rd6 34.
Rc3 Ke4 35. c5 Rd2 36. Rxe3+ Kxe3 37. Nc4+ Kd4 38. Kxd2 Kxc5 39. Ne5 Bd5 40.
Kc3 a5 41. Nd7+ Kd6 42. Nf6 h6 43. Nxd5 Kxd5 44. b4 a4 45. Kb2 Kc4 46. Ka3 Kb5
47. h3 c5 48. bxc5 Kxc5 49. Kxa4 Kd4 50. Kb4 Ke3 51. a4 Kf3 52. a5 Kxg3 53. a6
Kxh3 54. a7 1-0

[Event "Sparkassen-Open A"]
[Site "Heusenstamm, Martinsee"]
[Date "2017.11.26"]
[Round "7.87"]
[White "Skarke, Harald"]
[Black "Browning, Rebecca"]
[Result "0-1"]
[WhiteElo "1988"]
[BlackElo "1830"]
[PlyCount "32"]
[EventDate "2017.??.??"]
[WhiteTeam "SF Neuberg"]
[BlackTeam "SG Porz"]

1. e4 e6 2. d4 d5 3. exd5 exd5 4. Bd3 c5 5. dxc5 Bxc5 6. Qe2+ Qe7 7. Nc3 Nf6 8.
Qxe7+ Bxe7 9. Nf3 O-O 10. O-O Nc6 11. Bg5 Be6 12. a3 h6 13. Bf4 Rad8 14. Rfe1
Bc5 15. b4 Bd6 16. Nb5 Bxf4 0-1

[Event "Sparkassen-Open A"]
[Site "Heusenstamm, Martinsee"]
[Date "2017.11.26"]
[Round "7.88"]
[White "Foerster-Yialamas, Lucas"]
[Black "Spelleken, Hans-Gerd"]
[Result "1/2-1/2"]
[WhiteElo "1825"]
[BlackElo "1784"]
[PlyCount "125"]
[EventDate "2017.??.??"]
[WhiteTeam "SK Frankenthal"]
[BlackTeam "SF Dettingen"]

1. e4 d5 2. exd5 Qxd5 3. Nc3 Qd8 4. d4 Nf6 5. Nf3 Bg4 6. Be3 e6 7. h3 Bh5 8. a3
Nbd7 9. Be2 c6 10. O-O Bd6 11. Qd2 Qc7 12. b4 a6 13. Rfe1 O-O 14. Rad1 Nd5 15.
Nxd5 cxd5 16. Rc1 b5 17. g4 Bg6 18. Bd3 Nf6 19. Ne5 Rfc8 20. Nxg6 hxg6 21. c3
Ra7 22. Ra1 Qd8 23. Bg5 Bb8 24. f4 Qd6 25. Rf1 Rac7 26. Rac1 Qb6 27. Kh1 Qb7
28. Bxf6 gxf6 29. f5 Kg7 30. Bb1 Rh8 31. Qd3 Rh6 32. fxe6 Rc8 33. Qf3 g5 34.
Kg2 fxe6 35. Rh1 Bf4 36. Rc2 e5 37. dxe5 fxe5 38. Ba2 e4 39. Qd1 Rd6 40. Qd4+
Kg6 41. Bb1 Qg7 42. h4 gxh4 43. Qxg7+ Kxg7 44. Rxh4 Be5 45. Rh5 Bxc3 46. Rg5+
Kh6 47. Rh5+ Kg7 48. Rg5+ Kh6 49. Rh5+ Kg7 50. Kg3 Be1+ 51. Kh3 Rxc2 52. Bxc2
Rh6 53. Kg2 Rxh5 54. gxh5 Bc3 55. Bb3 d4 56. Bd5 e3 57. Kf3 Bb2 58. Bb7 Kh6 59.
Bxa6 Kxh5 60. Bxb5 Bxa3 61. Be8+ Kg5 62. b5 Bc5 63. Ke2 1/2-1/2

[Event "Sparkassen-Open A"]
[Site "Heusenstamm, Martinsee"]
[Date "2017.11.26"]
[Round "7.89"]
[White "Khamenya, Vitalia"]
[Black "Meyer, Marcel"]
[Result "1-0"]
[WhiteElo "1913"]
[BlackElo "1751"]
[PlyCount "55"]
[EventDate "2017.??.??"]
[WhiteTeam "SK Gräfelfing"]
[BlackTeam "SC Herborn"]

1. e4 c6 2. Nf3 d5 3. exd5 cxd5 4. Ne5 Nc6 5. d4 Nf6 6. c3 e6 7. Bd3 Be7 8. O-O
O-O 9. f4 a6 10. Rf3 Na5 11. Rh3 Ne4 12. Qh5 h6 13. Ng4 e5 14. fxe5 Bg5 15.
Bxg5 Qxg5 16. Qxg5 Nxg5 17. Rh4 Nc4 18. b3 Na5 19. Ne3 Be6 20. Nd2 b5 21. c4
dxc4 22. bxc4 bxc4 23. Ndxc4 Nxc4 24. Nxc4 f6 25. d5 Bxd5 26. Nb6 Rad8 27. Nxd5
Rxd5 28. Bc4 1-0

[Event "Sparkassen-Open A"]
[Site "Heusenstamm, Martinsee"]
[Date "2017.11.26"]
[Round "7.90"]
[White "Kirchner, Markus"]
[Black "Wolff, Peter"]
[Result "0-1"]
[WhiteElo "1849"]
[BlackElo "1906"]
[PlyCount "74"]
[EventDate "2017.??.??"]
[WhiteTeam "SF Schöneck"]
[BlackTeam "VSG Offenbach"]

1. e4 c6 2. d4 d5 3. exd5 cxd5 4. c4 Nf6 5. Nc3 Nc6 6. cxd5 Nxd5 7. Nf3 Bg4 8.
Be2 e6 9. O-O Be7 10. Be3 O-O 11. Rc1 Rc8 12. Qb3 Na5 13. Qa4 a6 14. Ne4 Qb6
15. Ng3 Rfd8 16. Rxc8 Rxc8 17. Bd2 Nc6 18. Bc3 Bd6 19. Ne4 Bb8 20. Rc1 Bxf3 21.
Bxf3 Nxd4 22. Qd1 Nxf3+ 23. Qxf3 Nxc3 24. bxc3 Qc7 25. Qh3 Qf4 26. Re1 Rd8 27.
g3 Qe5 28. f4 Ba7+ 29. Kh1 Qd5 30. Qg2 h6 31. h3 f5 32. c4 Qa5 33. Qe2 fxe4 34.
Qxe4 Rd6 35. Re2 Qc5 36. Rg2 Qc6 37. Qe2 Rd4 0-1